Witamy w Bibliotece Naukowej Instytutu Łączności!

Liberalisierung der Telekommunikationsmaerkte : (Rekord nr 208)

000 -LEADER
fixed length control field 00591 a2200133 4500
020 ## - INTERNATIONAL STANDARD BOOK NUMBER
International Standard Book Number 3258052271
100 1# - MAIN ENTRY--PERSONAL NAME
Personal name Groener, Helmut.
Relator term Autor
245 0# - TITLE STATEMENT
Title Liberalisierung der Telekommunikationsmaerkte :
Remainder of title Wettbewerbspolitische Probleme des Markteintritts von Elektrizitaetsversorgungsunternehmen in die deutschen Telekommunikationsmaerkte. /
Statement of responsibility, etc Groener Helmut, Koehler Helmut, Knorr Andreas.
260 ## - PUBLICATION, DISTRIBUTION, ETC. (IMPRINT)
Place of publication, distribution, etc Bern :
Name of publisher, distributor, etc Haupt,
Date of publication, distribution, etc 1995.
300 ## - PHYSICAL DESCRIPTION
Extent 113 s.,bibliogr.;
Dimensions 24 cm.
700 1# - ADDED ENTRY--PERSONAL NAME
Personal name Koehler, Helmut.
Relator term Autor
700 1# - ADDED ENTRY--PERSONAL NAME
Personal name Knorr, Andreas.
Relator term Autor
710 2# - ADDED ENTRY--CORPORATE NAME
Corporate name or jurisdiction name as entry element Verlag Paul Haupt.
Relator term Wydawca
Relator code pbl
920 ## -
-- 3-258-05227-1
Egzemplarze
Withdrawn status Lost status Source of classification or shelving scheme Damaged status Not for loan Permanent Location Current Location Shelving location Date acquired Cost, normal purchase price Inventory number Full call number Barcode Date last seen Price effective from Koha item type
          Instytut Łączności Instytut Łączności Magazyn 1997-03-03 129.22 38602 38602 38602 2019-12-03 2017-11-30 Książki

Działa dzięki Koha